00717nam a2200193 a 450000100100000000500170001000800410002702000150006804000250008308200150010810000300012324500910015326000600024430000210030450400320032570000360035795201130039399900170050600004456120201002045449.0140716s1988 txu 000 0 spa d a0311043569 aDO-SdBNPbspacBNPHU axxxxbxxxx1 aViertel, Weldon E.97257910aVida y ministerio de Cristo /cWeldon E. Viertel ; traducción de Rubén O. Zorzoli. aEl Paso, Tex. :bCasa Bautista de Publicaciones,c1988. a190 p. ;c21 cm. aBibliografía : p. 189-19012aZorzoli, Rubén O.etr.949693 001050718MOaGRbGRcCTd2014-07-16iLF1l0oxxxx xxxxp44561-10r2020-06-25w2020-06-25y1ZNo se presta c44050d44050